00771nam a2200253 a 4500001001300000003000900013005001700022008004100039020001000080082001600090100001900106245007700125260004200202300000800244500003500252505001000287650002100297650002900318700001900347902000800366942000700374952011900381999001700500nice12345678IN_TiNIC20260116015256.0050524s1993 paka grp 000 0 eng  ac10000a954.91bFLO aFloor, Willian aDutch East India Company VOC and Diewel-Sindb Pakistan in 17th &18th Ce aPakistanbUniversity of Karachic1993 a97p aincludes index and biblioraphy2 aIndex aPakistan-History aDutch East India Company1 aFloor, Willian bSRS cBK 001040708StackRoom-aHMIbHMId2007-04-12g100.00l0o954.91 FLOp11000087r2007-04-12v100.00w2005-05-24yBK c19028d19028